Consensus or Conflict? (Record no. 18191)
[ view plain ]
| 000 -LEADER | |
|---|---|
| fixed length control field | 00613nam a2200121Ia 4500 |
| 008 - FIXED-LENGTH DATA ELEMENTS--GENERAL INFORMATION | |
| fixed length control field | 220615s9999||||xx |||||||||||||| ||und|| |
| 245 #0 - TITLE STATEMENT | |
| Title | Consensus or Conflict? |
| Remainder of title | China and Globalization in the 21st Century |
| 546 ## - LANGUAGE NOTE | |
| Language note | English[eng] |
| 650 ## - SUBJECT ADDED ENTRY--TOPICAL TERM | |
| Topical term or geographic name entry element | Globalization and Governance||Sustainable Development||Environment and Climate Change||China in 21st Century||Migration and Talent Movement||Economy and Technology||Public Health||Civilization Dialogue||Open Access |
| 700 ## - ADDED ENTRY--PERSONAL NAME | |
| Personal name | Wang, Huiyao||Michie, Alistair |
| 856 ## - ELECTRONIC LOCATION AND ACCESS | |
| Uniform Resource Identifier | <a href="https://library.oapen.org/bitstream/20.500.12657/51009/1/978-981-16-5391-9.pdf">https://library.oapen.org/bitstream/20.500.12657/51009/1/978-981-16-5391-9.pdf</a> |
| 942 ## - ADDED ENTRY ELEMENTS (KOHA) | |
| Koha item type | E-Books |
| Withdrawn status | Lost status | Damaged status | Not for loan | Home library | Current library | Date acquired | Total Checkouts | Date last seen | Price effective from | Koha item type |
|---|---|---|---|---|---|---|---|---|---|---|
| Kerala University of Digital Sciences, Innovation and Technology Knowledge Centre | Kerala University of Digital Sciences, Innovation and Technology Knowledge Centre | 15/06/2022 | 15/06/2022 | 15/06/2022 | E-Books |